[Event "Arandjelovac op 2nd"]
[Site "Arandjelovac"]
[Date "2023.08.04"]
[Round "7"]
[White "Hung, Chen Ting"]
[Black "Ilic, Slobodan S2222"]
[Result "1-0"]
[WhiteElo "1664"]
[BlackElo "2017"]
[PlyCount "123"]
[EventDate "2023.07.31"]
[EventType "swiss"]
[EventRounds "9"]
[EventCountry "SRB"]
[SourceTitle "CBM 215 Extra"]
[Source "ChessBase"]
[SourceDate "2023.09.30"]
[SourceVersion "1"]
[SourceVersionDate "2023.09.30"]
[SourceQuality "1"]

1. e4 c5 2. Nf3 e6 3. c3 Nf6 4. e5 Nd5 5. Bc4 b6 6. 0-0 Bb7 7. d4 d6 8. Bb5+ Nd7 9. Bg5 Qc8 10. exd6 Bc6 11. Bxc6 Qxc6 12. c4 N5f6 13. d5 Qxd6 14. dxe6 fxe6 15. Qa4 Kf7 16. Nc3 Ne5 17. Nxe5+ Qxe5 18. Bxf6 gxf6 19. Qd7+ Be7 20. Rfe1 Qd6 21. Qb7 Qb8 22. Qf3 h5 23. Rad1 Qc8 24. Ne4 f5 25. Nd6+ Bxd6 26. Rxd6 Rh6 27. Red1 Qf8 28. Qg3 Re8 29. Qe5 Re7 30. Rd8 Qg7 31. Qb8 Rg6 32. g3 e5 33. R8d7 Rge6 34. Qxa7 Qf6 35. Rxe7+ Rxe7 36. Rd7 Rxd7 37. Qxd7+ Kg6 38. Qe8+ Kh6 39. Kg2 e4 40. b3 Qd6 41. Qh8+ Kg6 42. Qg8+ Kf6 43. h4 Qd1 44. Qg5+ Ke6 45. Qg6+ Ke5 46. Qg7+ Ke6 47. Qh6+ Ke5 48. Qg7+ Ke6 49. Qg6+ Ke5 50. Qe8+ Kf6 51. Qc6+ Kg7 52. Qb7+ Kf8 53. Qc8+ Kg7 54. Qxf5 Qe2 55. Qg5+ Kf7 56. Qd5+ Kg7 57. Qb7+ Kh8 58. Qxb6 Qf3+ 59. Kg1 Qd1+ 60. Kh2 Qd4 61. Kg2 Qe5 62. Qd8+ 1-0